| 000 | 00570nam a2200193 4500 | ||
|---|---|---|---|
| 001 | 109646 | ||
| 003 | ES-MaACL | ||
| 005 | 20251003185049.0 | ||
| 007 | t| | ||
| 008 | 061121s1969 sp r ||||1| spa d | ||
| 100 | 1 |
_aMnacko, Ladislav. _981731 |
|
| 245 | 1 | 3 |
_aLa séptima noche / _cpor Ladislav Mnacko ; [traducción de Manuel Vázquez]. |
| 250 | _a1ª ed. | ||
| 260 |
_aBarcelona, etc. : _bPlaza y Janés, _c1969. |
||
| 300 |
_a262 p. ; _c20 cm. |
||
| 700 | 1 |
_aVázquez Tomás, Manuel _9113375 |
|
| 852 |
_aES-MaACL _jC-35809 _bR.69742 |
||
| 999 |
_c109646 _d109646 |
||